000 00758nam a2200241Ia 4500
003 OSt
005 20220923224218.0
006 a|||||r|||| 00| 0
007 ta
008 220922b |||||||| |||| 00| 0 hin d
024 _a229,026
037 _cTextual
040 _aARTS
_cARTS
_bhin
041 _2hin
_ahin
082 _aO152,1N42x, P6
100 _aमुरादाबादी, हुल्लड़
245 0 _aहुल्लड़ सतसई
246 _aHullaड़ satasaī
260 _aनई दिल्ली
_b वाणी प्रकाशन
_c2006
300 _a130पृ.
_ccm.
942 _hO152,1N42x, P6
_cTEXL
_2CC
999 _c370023
_d370023